Countries that Start with N - Shape Quiz - Statistics

General Stats
  • This quiz has been taken 82,864 times
    72,022 since last reset
  • The average score is 9 of 11
Answer Stats
Picture Answer % Correct
Norway
96%
New Zealand
92%
Nepal
87%
Namibia
85%
Netherlands
79%
Nigeria
79%
Niger
76%
Nauru
74%
Nicaragua
73%
North Korea
70%
North Macedonia
53%
No matching quizzes found
Score Distribution
Percent of People with Each Score
Percentile by Number Answered
Your Score History
You have not taken this quiz since the last reset